LEADER 00916nam0 2200265 450 001 000026300 005 20090624142214.0 010 $a9810208413 100 $a20090624d1992----km-y0itay50------ba 101 0 $aeng 102 $aSG 200 1 $aMechanics of coastal sediment transport$fJorgen Fredsoe and Rolf Deigaard 210 $aSingapore [etc.]$cWorld scientific$dc1992 215 $aXVIII, 369 p.$d22 cm. 225 2 $aAdvanced series on ocean engineering$v3 410 0$12001$aAdvanced series on ocean engineering$v3 610 1 $aSedimentazione 676 $a551.303$v21$9FENOMENI DI SUPERFICIE ED ESOGENI E LORO AGENTI 700 1$aFredsoe,$bJorgen$030379 701 1$aDeigaard,$bRolf$0511001 801 0$aIT$bUNIPARTHENOPE$c20090624$gRICA$2UNIMARC 912 $a000026300 951 $aDISAM 551.36/6$b770$cDISAM$d2009 996 $aMechanics of coastal sediment transport$9768049 997 $aUNIPARTHENOPE LEADER 01854nam 2200541 a 450 001 9910563013203321 005 20250513223420.0 024 7 $a10.3726/b12388 035 $a(CKB)4340000000238626 035 $a(WaSeSS)Ind00078342 035 $a(oapen)https://directory.doabooks.org/handle/20.500.12854/35233 035 $a(oapen)doab35233 035 $a(EXLCZ)994340000000238626 100 $a20131010h20121970 || | 101 0 $ager 135 $aur||||||||||| 181 $ctxt$2rdacontent 182 $cc$2rdamedia 183 $acr$2rdacarrier 200 10$aZur Übersetzungstechnik des altrussischen "Jüdischen Krieges" des Josephus Flavius /$fAlfons Höcherl 210 $aMunich, Germany $cVerlag Otto Sagner$d2012, c1970 215 $a1 online resource (183 p.) 225 1 $aSlavistische Beitra?ge ;$vBand 46 311 08$a3-95479-353-9 320 $aIncludes bibliographical references. 330 $aMit Literaturverz. Durchsuchbare elektronische Faksimileausgabe als PDF. Digitalisiert im Rahmen des DFG-Projektes Digi20 in Kooperation mit der BSB Mu?nchen. OCR-Bearbeitung durch den Verlag Otto Sagner. 410 0$aSlavistische Beitra?ge ;$vBand 46. 606 $alinguistics$2bicssc 610 $aaltrussischen 610 $aFlavius 610 $aHöcherl 610 $aJosephus 610 $aJüdischen 610 $aKrieges 610 $aLinguistik 610 $aPhilologie 610 $aRussland 610 $aSlavische Sprachwissenschaft 610 $aÜbersetzungstechnik 610 $aWortbildung 615 7$alinguistics 700 $aHo?cherl$b Alfons$0708473 801 0$bWaSeSS 801 1$bWaSeSS 906 $aBOOK 912 $a9910563013203321 996 $aZur Übersetzungstechnik des altrussischen "Jüdischen Krieges" des Josephus Flavius$91345650 997 $aUNINA